00810nam a2200229 i 45000010005000000030009000050050017000140070003000310080041000340200018000750800018000930800028001110800042001391000038001812450081002192600056003003000039003564900051003956000038004468300051004848520045005356128ES-MaACL20250824003046.0t|890809s1988 sp ||||1|aspa d a84-86848-61-6 a92:78(46)"19" a92 Montsalvatge, Xavier a78(46)"1912/..." Montsalvatge, Xavier1 aMontsalvatge, Xavier, d1912-200210aPapeles autobiograficos b: al alcance del recuerdo / cXavier Montsalvatge. aMadrid : bFundación Banco Exterior, cD.L. 1988. a246 p., [32] p. de fot. ; c20 cm.1 aColección Memorias de la música española14aMontsalvatge, Xavier, d1912-200200aColección memorias de la música española aES-MaACLjL-13270 bR.116262 z. - rust.